00851nam a22002057a 4500003000800000008004100008037002000049040003500069041000800104080001100112100003000123245011200153260007000265300002100335500014700356650003300503655002300536700002600559710006000585BI-BuBU241112b2024 FR fr|||| 000 0 fre d cDon de l'auteur aBI-BuBUbfrecBI-BuBUdBI-BuBU0 afre a551.491 4aut.aNiyukuri, Méthode1 aModélisation de la montéé des eaux du lac Tanganyikac Méthode Niyukuri ; David Niyukuri, directeur aBujumburabUniversité du Burundi, Ffaculté des Sciencesc2024 aXI-42 f.c30 cm. aMémoire présenté et défendu publiquement en vue de l'obtention du diplôme de master en Mathématiques fondamentales et appliquées 72BI-BuBUaEauzLac tanganyika 72BI-BuBUaMémoire1 4dir.aNiyukuri, David 4aut.aUniversité du Burundib, Faculté des Sciences